000 00641nam a2200229Ia 4500
003 OSt
005 20221007080606.0
006 a|||||r|||| 00| 0
007 ta
008 221006b |||||||| |||| 00| 0 eng d
024 _a9,556
037 _cReference Collections
040 _aFLL
_cFLL
_beng
041 _2eng
_aeng
082 _aP111:4k, N7
100 _aAiyar P. Ramanatha Au.
_9692310
245 0 _aConcise law dictionary
260 _aNew Delhi
_bWadhwa and company India
_c1997
300 _a904p
_ccm.
942 _hP111:4k, N7
_cREF
_2CC
999 _c1160204
_d1160204